| 000 | 00512nam a22001817a 4500 | ||
|---|---|---|---|
| 003 | 0 | ||
| 005 | 20231124085520.0 | ||
| 008 | 231007b xxu||||| |||| 00| 0 eng d | ||
| 020 | _a978-0-85707-980-0 | ||
| 050 |
_aFic _bRus967 2011 |
||
| 100 | _aRussell, Rachel Renee | ||
| 245 |
_aDork diaries : how to dork your diary _cRachel Renee Russell |
||
| 260 |
_aLondon _bSimon and Schuster _cc2011. |
||
| 300 |
_a185 pages : _bb&w ill. ; _c20 cm. |
||
| 500 | _aFiction. | ||
| 650 | _aFiction. | ||
| 942 |
_2lcc _cBK |
||
| 999 |
_c365495 _d365495 |
||